| 000 | 00543nam a2200205Ia 4500 | ||
|---|---|---|---|
| 999 |
_c5189 _d5189 |
||
| 003 | 0100 | ||
| 008 | 130227s9999 xx 000 0 und d | ||
| 040 | _cARRUPELIB | ||
| 050 | _aDT434.E262M35 1970 | ||
| 100 |
_aMboya, Tom _923119 |
||
| 245 | 4 | _aThe challenge of nationhood | |
| 245 | _ba collection of speeches and writings | ||
| 260 |
_bAndre Deutsch _c1970 _aLondon |
||
| 300 | _a278p. | ||
| 300 | _b 23cm. | ||
| 650 |
_aKenya _xPolitics _xAddresses _923120 |
||
| 650 |
_aAfrica _xPolitics _xAddresses _y1960 _916763 |
||
| 942 |
_2lcc _03 _cMONOGRAPH |
||